| 000 | 00530nam a2200181 a 4500 | ||
|---|---|---|---|
| 001 | 000024613 | ||
| 005 | 20200930023252.0 | ||
| 008 | 110201s1922 fr r 001 0 spa d | ||
| 040 |
_aDO-SdBNP _bspa _cBNPHU |
||
| 082 |
_axxxx _bM836p |
||
| 100 | 1 |
_aMoréas, Jean _950472 |
|
| 245 | 1 | 0 |
_aPremières poésies 1883-1886 : _bles syrtes les cantilènes / _cJean Moréas. |
| 250 | _a7a ed. | ||
| 260 |
_aParís : _bMercvre de France, _c1922. |
||
| 300 |
_a237 p. : ; _c18 cm. |
||
| 500 | _aIncluye índice de materias. | ||
| 049 | _aBNGR | ||
| 999 |
_c24106 _d24106 |
||